00463nam a2200205Ia 4500008004100000020001400041050001600055100001900071245002500090245002200115260001500137260001600152260000900168300001600177300002000193300001000213300002000223440000600243500000800249170918s9999 xx 000 0 und d a43931948X bB146do 2000 aBaglio, Ben M. aTouching the waves / cby Ben M. Baglio. aNew York : bScholastic, c2000 a160 pages : billustrations ; c19cm. eDolphin tales ; a2 a730